The Dark Sides of Virtue : (Record no. 618344)

MARC details
000 -LEADER
fixed length control field 00499nam a2200193 a 4500
008 - FIXED-LENGTH DATA ELEMENTS--GENERAL INFORMATION
fixed length control field 260330s2004##################000#0#eng##
020 ## - INTERNATIONAL STANDARD BOOK NUMBER
ISBN 9780691123943
082 04 - DEWEY DECIMAL CLASSIFICATION NUMBER
Classification number 361.26
Item number KEN
100 1# - MAIN ENTRY--AUTHOR NAME
Personal name Kennedy, David,
245 10 - TITLE STATEMENT
Title The Dark Sides of Virtue :
260 ## - PUBLICATION, DISTRIBUTION, ETC. (IMPRINT)
Name of publisher Princeton University Press,
Year of publication 2004.
300 ## - PHYSICAL DESCRIPTION
Number of Pages 404 pages
650 #0 - SUBJECT ADDED ENTRY--TOPICAL TERM
Topical Term Law.
942 ## - ADDED ENTRY ELEMENTS (KOHA)
Koha item type English Books
Holdings
Withdrawn status Lost status Damaged status Not for loan Home library Current library Date acquired Full call number Accession Number Price effective from Koha item type
        Anna Centenary Library Anna Centenary Library 30.03.2026 361.26 KEN 166639 30.03.2026 English Books

Find us on the map